<?xml version="1.0" encoding="UTF-8"?>
<record
    xmlns:xsi="http://www.w3.org/2001/XMLSchema-instance"
    xsi:schemaLocation="http://www.loc.gov/MARC21/slim http://www.loc.gov/standards/marcxml/schema/MARC21slim.xsd"
    xmlns="http://www.loc.gov/MARC21/slim">

  <leader>03775nam a22004577a 4500</leader>
  <controlfield tag="005">2008122303423.0</controlfield>
  <controlfield tag="008">081223t        xxu||||| |||| 00| 0 hin d</controlfield>
  <datafield tag="010" ind1=" " ind2=" ">
    <subfield code="a">HIN-86269</subfield>
  </datafield>
  <datafield tag="020" ind1=" " ind2=" ">
    <subfield code="a">9788181438171</subfield>
    <subfield code="c">350.00</subfield>
  </datafield>
  <datafield tag="035" ind1=" " ind2=" ">
    <subfield code="a">HN-58615</subfield>
  </datafield>
  <datafield tag="035" ind1=" " ind2=" ">
    <subfield code="a">B-351848-858</subfield>
  </datafield>
  <datafield tag="037" ind1=" " ind2=" ">
    <subfield code="b">DBAD / PUB</subfield>
  </datafield>
  <datafield tag="037" ind1=" " ind2=" ">
    <subfield code="b">&#x935;&#x93E;&#x923;&#x940; &#x92A;&#x94D;&#x930;&#x915;&#x93E;&#x936;&#x928;</subfield>
  </datafield>
  <datafield tag="040" ind1=" " ind2=" ">
    <subfield code="a">DPL</subfield>
    <subfield code="b">HN</subfield>
  </datafield>
  <datafield tag="082" ind1=" " ind2=" ">
    <subfield code="a">230.2</subfield>
  </datafield>
  <datafield tag="100" ind1=" " ind2=" ">
    <subfield code="a">&#x928;&#x93F;&#x917;&#x92E;, &#x936;&#x94B;&#x92D;&#x93E;</subfield>
  </datafield>
  <datafield tag="245" ind1=" " ind2=" ">
    <subfield code="a">&#x935;&#x94D;&#x92F;&#x93E;&#x938;-&#x915;&#x925;&#x93E; /</subfield>
    <subfield code="c">&#x936;&#x94B;&#x92D;&#x93E; &#x928;&#x93F;&#x917;&#x92E; </subfield>
  </datafield>
  <datafield tag="246" ind1=" " ind2=" ">
    <subfield code="a">Vyaasa-Kathaa</subfield>
    <subfield code="b">by Shobha Nigam </subfield>
  </datafield>
  <datafield tag="260" ind1=" " ind2=" ">
    <subfield code="a">&#x928;&#x92F;&#x940; &#x926;&#x93F;&#x932;&#x94D;&#x932;&#x940; </subfield>
    <subfield code="b">&#x935;&#x93E;&#x923;&#x940; &#x92A;&#x94D;&#x930;&#x915;&#x93E;&#x936;&#x928;</subfield>
    <subfield code="c">2008</subfield>
  </datafield>
  <datafield tag="270" ind1=" " ind2=" ">
    <subfield code="a">21-&#x90F;, &#x926;&#x930;&#x93F;&#x92F;&#x93E;&#x917;&#x902;&#x91C; </subfield>
    <subfield code="b">&#x928;&#x92F;&#x940; &#x926;&#x93F;&#x932;&#x94D;&#x932;&#x940; </subfield>
    <subfield code="e">110002</subfield>
  </datafield>
  <datafield tag="300" ind1=" " ind2=" ">
    <subfield code="a">287&#x92A;&#x943;.</subfield>
    <subfield code="c">22&#x938;&#x947;&#x92E;&#x940; (&#x938;&#x91C;&#x93F;&#x932;&#x94D;&#x926;)</subfield>
  </datafield>
  <datafield tag="500" ind1=" " ind2=" ">
    <subfield code="a">&#x92E;&#x939;&#x93E;&#x92D;&#x93E;&#x930;&#x924; &#x92A;&#x930; &#x906;&#x927;&#x93E;&#x930;&#x93F;&#x924; &#x930;&#x92E;&#x94D;&#x92F; &#x930;&#x91A;&#x928;&#x93E;</subfield>
  </datafield>
  <datafield tag="650" ind1=" " ind2=" ">
    <subfield code="a">&#x92E;&#x939;&#x93E;&#x92D;&#x93E;&#x930;&#x924;</subfield>
    <subfield code="x">&#x92A;&#x93E;&#x924;&#x94D;&#x930;</subfield>
  </datafield>
  <datafield tag="650" ind1=" " ind2=" ">
    <subfield code="a">Mahabharata</subfield>
    <subfield code="x">Characters</subfield>
  </datafield>
  <datafield tag="650" ind1=" " ind2=" ">
    <subfield code="a">&#x939;&#x93F;&#x928;&#x94D;&#x926;&#x942; &#x92A;&#x94C;&#x930;&#x93E;&#x923;&#x93F;&#x915; &#x915;&#x925;&#x93E;</subfield>
  </datafield>
  <datafield tag="650" ind1=" " ind2=" ">
    <subfield code="a">Hindu mythology</subfield>
  </datafield>
  <datafield tag="942" ind1=" " ind2=" ">
    <subfield code="2">ddc</subfield>
    <subfield code="c">HN</subfield>
    <subfield code="m">&#x928;&#x93F;&#x917;&#x92E; </subfield>
    <subfield code="h">230.2</subfield>
  </datafield>
  <datafield tag="999" ind1=" " ind2=" ">
    <subfield code="c">20230</subfield>
    <subfield code="d">20230</subfield>
  </datafield>
  <datafield tag="952" ind1=" " ind2=" ">
    <subfield code="0">0</subfield>
    <subfield code="1">0</subfield>
    <subfield code="2">ddc</subfield>
    <subfield code="4">0</subfield>
    <subfield code="7">1</subfield>
    <subfield code="8">NFIC</subfield>
    <subfield code="a">DBAD</subfield>
    <subfield code="b">DBAD</subfield>
    <subfield code="d">2009-03-25</subfield>
    <subfield code="e">DBAD / PUB</subfield>
    <subfield code="g">350.00</subfield>
    <subfield code="l">0</subfield>
    <subfield code="o">230.2 &#x928;&#x93F;&#x917;&#x92E;</subfield>
    <subfield code="p">HN-58615</subfield>
    <subfield code="r">2009-03-25 00:00:00</subfield>
    <subfield code="t">1</subfield>
    <subfield code="v">350.00</subfield>
    <subfield code="w">2009-03-25</subfield>
    <subfield code="y">HN</subfield>
  </datafield>
  <datafield tag="952" ind1=" " ind2=" ">
    <subfield code="0">0</subfield>
    <subfield code="1">0</subfield>
    <subfield code="2">ddc</subfield>
    <subfield code="4">0</subfield>
    <subfield code="7">0</subfield>
    <subfield code="8">NFIC</subfield>
    <subfield code="a">L</subfield>
    <subfield code="b">L</subfield>
    <subfield code="d">2010-03-12</subfield>
    <subfield code="e">60/16.7.09/83/11.7.09/29.7.29</subfield>
    <subfield code="g">350.00</subfield>
    <subfield code="l">4</subfield>
    <subfield code="m">3</subfield>
    <subfield code="o">230.2 &#x928;&#x93F;&#x917;&#x92E;</subfield>
    <subfield code="p">B-351848</subfield>
    <subfield code="r">2024-10-18 00:00:00</subfield>
    <subfield code="s">2024-09-17</subfield>
    <subfield code="t">1</subfield>
    <subfield code="v">350.00</subfield>
    <subfield code="y">HN</subfield>
  </datafield>
  <datafield tag="952" ind1=" " ind2=" ">
    <subfield code="0">0</subfield>
    <subfield code="1">0</subfield>
    <subfield code="2">ddc</subfield>
    <subfield code="4">0</subfield>
    <subfield code="7">0</subfield>
    <subfield code="8">NFIC</subfield>
    <subfield code="a">M</subfield>
    <subfield code="b">M</subfield>
    <subfield code="d">2010-03-12</subfield>
    <subfield code="e">60/16.7.09/83/11.7.09/29.7.29</subfield>
    <subfield code="g">350.00</subfield>
    <subfield code="l">0</subfield>
    <subfield code="o">230.2 &#x928;&#x93F;&#x917;&#x92E;</subfield>
    <subfield code="p">B-351849</subfield>
    <subfield code="r">2010-03-12 00:00:00</subfield>
    <subfield code="t">2</subfield>
    <subfield code="v">350.00</subfield>
    <subfield code="w">2010-03-12</subfield>
    <subfield code="y">HN</subfield>
  </datafield>
  <datafield tag="952" ind1=" " ind2=" ">
    <subfield code="0">0</subfield>
    <subfield code="1">0</subfield>
    <subfield code="2">ddc</subfield>
    <subfield code="4">0</subfield>
    <subfield code="7">0</subfield>
    <subfield code="8">NFIC</subfield>
    <subfield code="a">M</subfield>
    <subfield code="b">M</subfield>
    <subfield code="d">2010-03-12</subfield>
    <subfield code="e">60/16.7.09/83/11.7.09/29.7.29</subfield>
    <subfield code="g">350.00</subfield>
    <subfield code="l">0</subfield>
    <subfield code="o">230.2 &#x928;&#x93F;&#x917;&#x92E;</subfield>
    <subfield code="p">B-351850</subfield>
    <subfield code="r">2010-03-12 00:00:00</subfield>
    <subfield code="t">2</subfield>
    <subfield code="v">350.00</subfield>
    <subfield code="w">2010-03-12</subfield>
    <subfield code="y">HN</subfield>
  </datafield>
  <datafield tag="952" ind1=" " ind2=" ">
    <subfield code="0">0</subfield>
    <subfield code="1">5</subfield>
    <subfield code="2">ddc</subfield>
    <subfield code="4">0</subfield>
    <subfield code="7">0</subfield>
    <subfield code="8">NFIC</subfield>
    <subfield code="a">NPL</subfield>
    <subfield code="b">NPL</subfield>
    <subfield code="d">2010-03-12</subfield>
    <subfield code="e">60/16.7.09/83/11.7.09/29.7.29</subfield>
    <subfield code="g">350.00</subfield>
    <subfield code="l">0</subfield>
    <subfield code="o">230.2 &#x928;&#x93F;&#x917;&#x92E;</subfield>
    <subfield code="p">B-351851</subfield>
    <subfield code="r">2010-03-12 00:00:00</subfield>
    <subfield code="t">1</subfield>
    <subfield code="v">350.00</subfield>
    <subfield code="y">HN</subfield>
  </datafield>
  <datafield tag="952" ind1=" " ind2=" ">
    <subfield code="0">0</subfield>
    <subfield code="1">5</subfield>
    <subfield code="2">ddc</subfield>
    <subfield code="4">0</subfield>
    <subfield code="7">0</subfield>
    <subfield code="8">NFIC</subfield>
    <subfield code="a">BL1</subfield>
    <subfield code="b">BL1</subfield>
    <subfield code="d">2010-03-12</subfield>
    <subfield code="e">60/16.7.09/83/11.7.09/29.7.29</subfield>
    <subfield code="g">350.00</subfield>
    <subfield code="l">0</subfield>
    <subfield code="o">230.2 &#x928;&#x93F;&#x917;&#x92E;</subfield>
    <subfield code="p">B-351852</subfield>
    <subfield code="r">2010-03-12 00:00:00</subfield>
    <subfield code="t">1</subfield>
    <subfield code="v">350.00</subfield>
    <subfield code="y">HN</subfield>
  </datafield>
  <datafield tag="952" ind1=" " ind2=" ">
    <subfield code="0">1</subfield>
    <subfield code="1">0</subfield>
    <subfield code="2">ddc</subfield>
    <subfield code="4">0</subfield>
    <subfield code="7">0</subfield>
    <subfield code="8">NFIC</subfield>
    <subfield code="a">JP</subfield>
    <subfield code="b">JP</subfield>
    <subfield code="d">2010-03-12</subfield>
    <subfield code="e">60/16.7.09/83/11.7.09/29.7.29</subfield>
    <subfield code="g">350.00</subfield>
    <subfield code="l">18</subfield>
    <subfield code="m">2</subfield>
    <subfield code="o">230.2 &#x928;&#x93F;&#x917;&#x92E;</subfield>
    <subfield code="p">B-351853</subfield>
    <subfield code="r">2012-11-08 00:00:00</subfield>
    <subfield code="s">2012-10-17</subfield>
    <subfield code="t">1</subfield>
    <subfield code="v">350.00</subfield>
    <subfield code="w">2010-03-12</subfield>
    <subfield code="y">HN</subfield>
  </datafield>
  <datafield tag="952" ind1=" " ind2=" ">
    <subfield code="0">0</subfield>
    <subfield code="1">0</subfield>
    <subfield code="2">ddc</subfield>
    <subfield code="4">0</subfield>
    <subfield code="7">0</subfield>
    <subfield code="8">NFIC</subfield>
    <subfield code="a">ZLS</subfield>
    <subfield code="b">ZLS</subfield>
    <subfield code="d">2010-03-12</subfield>
    <subfield code="e">60/16.7.09/83/11.7.09/29.7.29</subfield>
    <subfield code="g">350.00</subfield>
    <subfield code="l">0</subfield>
    <subfield code="o">230.2 &#x928;&#x93F;&#x917;&#x92E;</subfield>
    <subfield code="p">B-351854</subfield>
    <subfield code="r">2010-03-12 00:00:00</subfield>
    <subfield code="t">1</subfield>
    <subfield code="v">350.00</subfield>
    <subfield code="w">2010-03-12</subfield>
    <subfield code="y">HN</subfield>
  </datafield>
  <datafield tag="952" ind1=" " ind2=" ">
    <subfield code="0">0</subfield>
    <subfield code="1">0</subfield>
    <subfield code="2">ddc</subfield>
    <subfield code="4">0</subfield>
    <subfield code="7">0</subfield>
    <subfield code="8">NFIC</subfield>
    <subfield code="a">BL4</subfield>
    <subfield code="b">BL4</subfield>
    <subfield code="d">2010-03-12</subfield>
    <subfield code="e">60/16.7.09/83/11.7.09/29.7.29</subfield>
    <subfield code="g">350.00</subfield>
    <subfield code="l">6</subfield>
    <subfield code="m">1</subfield>
    <subfield code="o">230.2 &#x928;&#x93F;&#x917;&#x92E;</subfield>
    <subfield code="p">B-351858</subfield>
    <subfield code="r">2022-09-06 00:00:00</subfield>
    <subfield code="s">2022-08-17</subfield>
    <subfield code="t">1</subfield>
    <subfield code="v">350.00</subfield>
    <subfield code="w">2010-03-12</subfield>
    <subfield code="y">HN</subfield>
  </datafield>
  <datafield tag="952" ind1=" " ind2=" ">
    <subfield code="0">0</subfield>
    <subfield code="1">0</subfield>
    <subfield code="2">ddc</subfield>
    <subfield code="4">0</subfield>
    <subfield code="7">0</subfield>
    <subfield code="8">NFIC</subfield>
    <subfield code="a">VP</subfield>
    <subfield code="b">VP</subfield>
    <subfield code="d">2010-03-12</subfield>
    <subfield code="e">60/16.7.09/83/11.7.09/29.7.29</subfield>
    <subfield code="g">350.00</subfield>
    <subfield code="l">13</subfield>
    <subfield code="m">3</subfield>
    <subfield code="o">230.2 &#x928;&#x93F;&#x917;&#x92E;</subfield>
    <subfield code="p">B-351855</subfield>
    <subfield code="r">2018-08-08 00:00:00</subfield>
    <subfield code="s">2018-07-30</subfield>
    <subfield code="t">1</subfield>
    <subfield code="v">350.00</subfield>
    <subfield code="w">2010-03-12</subfield>
    <subfield code="y">HN</subfield>
  </datafield>
  <datafield tag="952" ind1=" " ind2=" ">
    <subfield code="0">0</subfield>
    <subfield code="1">5</subfield>
    <subfield code="2">ddc</subfield>
    <subfield code="4">0</subfield>
    <subfield code="7">0</subfield>
    <subfield code="8">NFIC</subfield>
    <subfield code="a">BL3</subfield>
    <subfield code="b">BL3</subfield>
    <subfield code="d">2010-03-12</subfield>
    <subfield code="e">60/16.7.09/83/11.7.09/29.7.29</subfield>
    <subfield code="g">350.00</subfield>
    <subfield code="l">0</subfield>
    <subfield code="o">230.2 &#x928;&#x93F;&#x917;&#x92E;</subfield>
    <subfield code="p">B-351856</subfield>
    <subfield code="r">2010-03-12 00:00:00</subfield>
    <subfield code="t">1</subfield>
    <subfield code="v">350.00</subfield>
    <subfield code="y">HN</subfield>
  </datafield>
  <datafield tag="952" ind1=" " ind2=" ">
    <subfield code="0">0</subfield>
    <subfield code="1">0</subfield>
    <subfield code="2">ddc</subfield>
    <subfield code="4">0</subfield>
    <subfield code="7">0</subfield>
    <subfield code="8">NFIC</subfield>
    <subfield code="a">NRR</subfield>
    <subfield code="b">NRR</subfield>
    <subfield code="d">2010-03-12</subfield>
    <subfield code="e">60/16.7.09/83/11.7.09/29.7.29</subfield>
    <subfield code="g">350.00</subfield>
    <subfield code="l">0</subfield>
    <subfield code="o">230.2 &#x928;&#x93F;&#x917;&#x92E;</subfield>
    <subfield code="p">B-351857</subfield>
    <subfield code="r">2010-03-12 00:00:00</subfield>
    <subfield code="t">1</subfield>
    <subfield code="v">350.00</subfield>
    <subfield code="w">2010-03-12</subfield>
    <subfield code="y">HN</subfield>
  </datafield>
</record>
